[Event "Geraardsbergen op 36th"]
[Site "Geraardsbergen"]
[Date "2021.08.12"]
[Round "9"]
[White "Bossuyt, Koen"]
[Black "Hol, Camile"]
[Result "1-0"]
[WhiteElo "2091"]
[BlackElo "1904"]
[PlyCount "59"]
[EventDate "2021.08.08"]
[EventType "swiss"]
[EventRounds "9"]
[EventCountry "BEL"]
[SourceTitle "CBM 203 Extra"]
[Source "ChessBase"]
[SourceDate "2021.09.30"]
[SourceVersion "1"]
[SourceVersionDate "2021.09.30"]
[SourceQuality "1"]

1. d4 d5 2. c4 e6 3. Nf3 Nf6 4. g3 Be7 5. Bg2 0-0 6. 0-0 b6 7. cxd5 exd5 8. Nc3 Bb7 9. Ne5 Nbd7 10. Qa4 Nb8 11. Rd1 c6 12. Bf4 b5 13. Qc2 Qb6 14. Bg5 h6 15. Bxf6 Bxf6 16. Qf5 Bxe5 17. dxe5 Re8 18. Rac1 Bc8 19. Qh5 Be6 20. e4 d4 21. Nd5 cxd5 22. exd5 g6 23. Qxh6 Bg4 24. Re1 Rxe5 25. Rxe5 Nd7 26. Re6 fxe6 27. Qxg6+ Kf8 28. Qxg4 Nf6 29. Qh4 exd5 30. Qh8+ 1-0